Equipos de futbol europeos que tengan títulos internacionales - Estadísticas

Estadísticas generales
  • Esta prueba ha sido intentada 845 veces
    426 desde el último reinicio
  • La puntuación promedio es 39 de 86
Estadísticas de respuestas
Confederación Numero de Títulos Equipos % Correcto
España 22 FC Barcelona
99%
España 32 Real Madrid
99%
España 8 Atlético de Madrid
96%
España 8 Sevilla CF
93%
Inglaterra 4 Manchester City
89%
Inglaterra 8 Manchester United
89%
España 7 Valencia CF
87%
Inglaterra 14 Liverpool
86%
Italia 20 AC Milán
85%
Italia 9 Inter de Milán
85%
Alemania 14 Bayern Munich
84%
Inglaterra 10 Chelsea
84%
Italia 11 Juventus
84%
Francia 3 PSG
81%
Países Bajos 10 Ajax de Ámsterdam
78%
Alemania 3 Borussia Dortmund
77%
Inglaterra 2 Arsenal
76%
Portugal 3 Benfica SL
75%
Portugal 7 FC Porto
75%
Francia 2 Olympique de Marsella
74%
Portugal 1 Sporting de Portugal
73%
Países Bajos 2 PSV Eindhoven
72%
Italia 2 AS Roma
70%
Inglaterra 3 Nottingham Forest
69%
Francia 1 Olympique de Lyon
69%
Inglaterra 4 Tottenham Hotspur
68%
Inglaterra 3 Aston Villa
67%
Italia 1 SSC Nápoles
67%
Escocia 1 Celtic FC
65%
Alemania 1 Bayer Leverkusen
63%
España 3 Villarreal CF
60%
Países Bajos 4 Feyenoord
58%
Italia 2 SS Lazio
58%
Escocia 1 Rangers FC
57%
Turquia 2 Galatasaray SK
53%
Italia 1 ACF Fiorentina
52%
España 2 Real Zaragoza
50%
Serbia 2 Estrella Roja de Belgrado
49%
Ucrania 3 Dinamo Kiev
46%
Italia 1 Atalanta BC
46%
Alemania 4 Hamburgo SV
46%
Croacia 1 GNK Dinamo Zagreb
45%
Rumania 2 FC Steaua Bucarest
44%
Portugal 1 Sporting de Braga
44%
Inglaterra 3 West Ham United
43%
Rusia 2 FC Zenit
39%
España 1 Celta de Vigo
39%
Inglaterra 2 Newcastle United
39%
España 1 Málaga CF
38%
Francia 1 Lille OSC
38%
Inglaterra 1 Everton FC
37%
Alemania 3 Schalke 04
37%
Rusia 1 CSKA Moscú
34%
Italia 4 Parma FC
34%
Inglaterra 2 Leeds United
33%
Alemania 2 Eintracht Frankfurt
31%
Alemania 2 Borussia Monchengladbach
30%
Bélgica 5 Anderlecht
30%
Ucrania 1 FK Shakhtar Donetsk
25%
Grecia 1 Olympiacos FC
25%
Italia 1 UC Sampdoria
24%
Alemania 2 Werder Bremen
23%
Escocia 2 Aberdeen FC
20%
Italia 1 Bologna FC
20%
Francia 1 RC Lens
20%
Italia 1 Udinese Calcio
19%
Inglaterra 1 Fulham FC
18%
Alemania 2 VfB Stuttgart
18%
Eslovaquia 1 SK Slovan Bratislava
17%
Francia 1 Montpellier HSC
16%
Georgia 1 FC Dinamo Tbilisi
15%
Hungria 1 Ferencvaros FC
15%
Inglaterra 1 Ipswich Town FC
13%
Suecia 2 IFK Goteborg
12%
Francia 1 RC Estrasburgo
9%
Francia 1 AJ Auxerre
8%
Francia 1 Stade Reims
7%
Francia 1 FC Girondins de Bordeaux
6%
Bélgica 2 KV Malinas
3%
Italia 1 AC Perugia
2%
Francia 1 ES Troyes AC
1%
Alemania 1 FC Magdeburg
1%
Alemania 1 Karlsruher SC
1%
Francia 1 Guingamp
1%
Francia 1 SC Bastia
1%
Dinamarca 1 Silkeborg IF
0%
No se encontraron pruebas coincidentes
Distribución de puntuación
Porcentaje de gente con cada puntuación
Porcentaje por número respondido
Historial de tus puntuaciones
No has intentado esta prueba desde el último reinicio